banner koha

Seleção de extratos brutos de plantas com atividade antiobesidade (Registro n. 298913)

MARC details
000 -LÍDER
fixed length control field 02843nab a2200277 i 4500
003 - CÓDIGO MARC DA AGÊNCIA CATALOGADORA
Campo de controle BR-BrBNA
005 - DATA E HORA DA ÚLTIMA ATUALIZAÇÃO
Campo de controle 20240325092139.0
008 - CAMPO DE TAMANHO FIXO
fixed length control field 240325b2012 bl.qr|pooa||| 00| 0 por |
040 ## - FONTE DA CATALOGAÇÃO
Agência catalogadora BR-BrBNA
Idioma da catalogação por
072 ## - CATEGORIA AGRIS
Código AGRIS F60
100 ## - ENTRADA PRINCIPAL - NOME PESSOAL
Nome pessoal Souza, S.P.
100 ## - ENTRADA PRINCIPAL - NOME PESSOAL
Nome pessoal Pereira, L.L.S.
100 ## - ENTRADA PRINCIPAL - NOME PESSOAL
Nome pessoal Souza, A.A.
100 ## - ENTRADA PRINCIPAL - NOME PESSOAL
Nome pessoal Santos, C.D.
245 ## - TÍTULO PRINCIPAL
Título principal Seleção de extratos brutos de plantas com atividade antiobesidade
500 ## - NOTA GERAL
Nota geral Publicação on-line; 36 ref.; 4 tables; Summaries (En, Pt)
942 ## - ADDED ENTRY ELEMENTS (KOHA)
Koha item type
520 ## - NOTA DE RESUMO
Nota de conteúdo <br/><br/>RESUMO:<br/><br/>A prevalência da obesidade está aumentando a um ritmo alarmante e poucos<br/>medicamentos para o tratamento estão atualmente disponíveis no mercado. A inibição da lipase<br/>pancreática é um dos mecanismos mais amplamente estudados para determinar a<br/>eficácia de produtos naturais como agentes antiobesidade. O objetivo do estudo foi avaliar in<br/>vitro a inibição de dezenove extratos aquosos e metanólicos sobre a lipase pancreática. Ensaios<br/>cinéticos foram realizados em quatro períodos de tempo com ausência e presença do extrato<br/>inibidor. Também foi avaliado a ação desses extratos após a simulação do fluido gástrico.<br/>Cymbopogon citratus apresentou a maior inibição, seguido de Costus spicatus e Baccharis<br/>trimera. Os extratos apresentam um potencial como adjuvante no tratamento da obesidade.<br/><br/>Palavras-chave: anti obesidade, extratos vegetais, inibição de lipídeos
520 ## - NOTA DE RESUMO
Nota de conteúdo <br/><br/>ABSTRACT: <br/><br/>Selection of crude plant extracts with anti-obesity activity. The prevalence of<br/>obesity has been increasing at an alarming rate and only a few medications are currently available<br/>in the market. Pancreatic lipase inhibition is one of the most widely studied mechanisms for<br/>determining the efficacy of natural products as anti-obesity agents. The aim of this study was to<br/>evaluate in vitro the inhibition of nineteen aqueous and methanol extracts on pancreatic lipase.<br/>Kinetic assays were performed in four periods with the absence and the presence of the inhibitor<br/>extract. We also tested the action of these extracts after gastric fluid simulation. Cymbopogon<br/>citratus showed the highest inhibition, followed by Costus spicatus and Baccharis trimera. The<br/>extracts have the potential to act as adjuvants in the treatment of obesity.<br/><br/>Key words: anti-obesity, plant extracts, lipid inhibition
650 ## - ASSUNTO - THESAGRO
Cabeçalho tópico ou nome geográfico OBESIDADE
650 ## - ASSUNTO - THESAGRO
Cabeçalho tópico ou nome geográfico EXTRATO VEGETAL
650 ## - ASSUNTO - THESAGRO
Cabeçalho tópico ou nome geográfico PLANTA MEDICINAL
773 0# - ENTRADA ANALÍTICA
Host Biblionumber 3543
Registro do item 313930
Imprenta Botucatu-SP Instituto de Biociências - Departamento de Química e Bioquímica 1998
Outro identificador 2024-0201
Título Revista Brasileira de Plantas Medicinais (Brazil)
ISSN 1516-0572
Colação v. 14(4) p. 643-648; (2012)
Número de controle de registro BR2024000383
856 ## - ACESSO E ENDEREÇO ELETRÔNICO
Identificador uniforme de recurso - URI https://www.scielo.br/j/rbpm/a/NjTtc9KSbDdtQ5N3fVJm8dC/?format=pdf&lang=pt

Nenhum exemplar disponível.

BINAGRI

Telefone: (61)3218-2567/2388/3357/2097 - binagri@agro.gov.br

Ministério da Agricultura e Pecuária , Esplanada dos Ministérios, Bloco D, Anexo B, Brasília/DF, CEP: 70.043-900